| 000 | 01173nam0a22002891 4500 | ||
|---|---|---|---|
| 001 | rc\2727285 | ||
| 005 | 20250806203911.0 | ||
| 035 | _a(NLR Aleph) 006854725 | ||
| 090 |
_a8559 _c8559 |
||
| 100 | _a20110915d1943 u y0rusy50 ca | ||
| 101 | 0 | _arus | |
| 102 | _aRU | ||
| 105 | _ay z ||||| | ||
| 200 | 1 |
_aСборник инструктивных указаний по профилактике холеры _fПод общей ред. Г. А. Митерева _gНар. ком. здрав. СССР |
|
| 210 |
_a[Москва] _cМедгиз _d1943 |
||
| 215 |
_a46 с., включ. 2 с. обл., без тит. л. _d22 см. |
||
| 300 | _aСоставитель указан на 2-й стр. обл. | ||
| 700 | 1 |
_aРогозин _bИ.И. _f1900-1973 _gИсаак Иосифович |
|
| 702 | 1 |
_aМитерев _bГ.А. _4340 |
|
| 712 | 0 | 1 |
_aСССР _bНародный комиссариат здравоохранения _3RU\NLR\AUTH\8810118377 |
| 801 | 0 |
_aRU _bNLR _gpsbo |
|
| 801 | 1 |
_aRU _bELAR _2rusmarc |
|
| 852 |
_aNLR _jМд96 Г-6/27 |
||
| 942 | _cBOOK | ||
| 945 | _aРоссийская национальная библиотека | ||
| 980 | _aNB | ||
| 980 | _aBV | ||